00893nam a2200241 a 450000100100000000500170001000800410002704000250006808200250009310000270011824501660014525000110031126000500032230000330037265000130040565000170041865000370043565000230047270000340049570000410052970000380057071000430060800002489920200930023434.0110207s1989 cu a r 000 0 spa d aDO-SdBNPbspacBNPHU a616.462bM425q, 19891 aMateo de Acosta, Oscar10aLo que todo diabético debe saber /cOscar Mateo de Acosta, Rosario García González ; edición María Elena Espinosa Pérez, Emilio Hernández Váldez. a2a ed. aLa Habana, Cuba :bCiencias Médicas,c1989. a162, [6] p. :bil. ;c21 cm. 4aDiabetes 4aHipoglicemia 4aDiabetesxAspectos nutricionales 4aDieta sin azúcar1 aGarcía González, Rosario,1 aEspinosa Pérez, María Elenaeed.1 aHernández Váldez, Emilioeed.2 aInstituto Nacional de Endocrinología